| 000 | 00813nam a2200253Ia 4500 | ||
|---|---|---|---|
| 003 | OSt | ||
| 005 | 20220924122354.0 | ||
| 006 | a|||||r|||| 00| 0 | ||
| 007 | ta | ||
| 008 | 220923b |||||||| |||| 00| 0 pur d | ||
| 020 | _c300 | ||
| 024 | _a284766 | ||
| 037 |
_b43536, 13/03/2015, Segment Book Distributors _cTextual |
||
| 040 |
_aARTS _cARTS _bpur |
||
| 041 |
_2pur _apur |
||
| 082 | _aO164,1H40,1, 168Q2 | ||
| 100 |
_aDehlvi Mohd. Ehteshamuddin Haqqi _9189281 |
||
| 245 | 0 | _aDeewan e hafiz | |
| 260 |
_aLahore _bSeventh sky Publication Pakistan _c2012 |
||
| 300 |
_a371p. _ccm. |
||
| 650 |
_aPERSIAN LITERATURE _9309 |
||
| 942 |
_hO164,1H40,1, 168Q2 _cTEXL _2CC |
||
| 999 |
_c411381 _d411381 |
||